000
00297nam a22001337a 4500
008
170419b xxu||||| |||| 00| 0 eng d
020
_a
9780195125290
041
_a
eng
080
_a
579
100
_a
11
101
_a
SHM
245
_a
THE ANTIMICROBIAL DRUGS
_c
SCHOLAR.E.M
942
_2
udc
_c
BK
999
_c
11181
_d
11181